| 000 | 00465nam a22001457a 4500 | ||
|---|---|---|---|
| 005 | 20250814092334.0 | ||
| 008 | 250814b |||||||| |||| 00| 0 eng d | ||
| 050 |
_aTHE HN 49 .C6 O28 2015 _bC. 1 |
||
| 100 | _aOBURE, GESARE LYDIA | ||
| 245 |
_aEVALUATION OF EFFECTS OF MONITORING SYSTEMS ON CDF FUND MANAGEMENT _bCASE STUDY BOMACHOGE BORABU CONSTITUENCY |
||
| 260 |
_aKISII _bKSU _c2015 |
||
| 300 | _aVII, 27P. | ||
| 500 | _aINCLUDES REFERENCES | ||
| 942 |
_2lcc _cREF |
||
| 999 |
_c216037 _d216037 |
||